000 00795nam a2200205Ia 4500
003 GCL
008 140319s9999 xx 000 0 ara d
040 _aGCL /
_cGCL
082 0 4 _a016.810
_bم ت
100 1 _aمحمد بيرم الخامس
245 1 0 _aالتحقيق فى مسالة الرقيق: فى كتاب محمد بيرم الخامس, بيلوغرافية تحليلية /
_cمحمد بيرم الخامس
260 _a[S.N] :
_bالمؤسسة الوطنية للترجمة والتحقيق
300 _a319 ص
490 _aتاريخ الادب العربى
_v0
650 0 4 _aالادب العربى
650 0 4 _aالببليوجرافيات الموضوعية
650 0 4 _aتاريخ ونقد
650 0 4 _aالببليوجرافيا الذاتية
942 _2ddc
_cBK
999 _c35955
_d35955